000 01089nam a2200313 i 4500
001 16904
003 KOSZ 005
005 20191026123457.0
008 s1976 pl f |000 0 pol
040 _cKOSZ 005
_aKOSZ 005
_dKOSZ 005/EG
041 _apol
046 _k1976
080 _a502.1
245 1 0 _aCzłowiek i środowisko :
_bwybór opracowań z literatury radzieckiej /
_cpod redakcją Antoniego Kuklińskiego.
260 _aWarszawa :
_bPaństwowe Wydawnictwo Ekonomiczne,
_c1976.
300 _a344, [4] s. ;
_c21 cm.
336 _2rdacontent
_aTekst
_btxt
337 _2rdamedia
_aBez urządzenia pośredniczącego
_bn
338 _2rdacarrier
_aWolumin
_bnc
380 _aKsiążki
388 _a1901-2000
388 _a1945-1989
650 _aŚrodowisko człowieka
658 _aOchrona środowiska
700 1 _aKukliński Antoni
_d(1927-2015)
_eRedakcja
710 2 _aPaństwowe Wydawnictwo Ekonomiczne
856 _uhttp://koha.tu.koszalin.pl/cgi-bin/koha/opac-detail.pl?biblionumber=16904
_yKatalog online BPK
942 _cKS
_2UKD
999 _c16904
_d16904